zpět

Detail výsledku týmu

Kozlovka, Hradec Králové

Datum a čas kvízu

36.5 Celkem bodů Celkový počet nahraných bodů na tomto kvízu bez doplňovacích otázek.
4. Pořadí na kvízu Konečné umístění týmu na tomto kvízu.

Zaznamenané odpovědi

# Otázka Odpověď Body Výsledky
1. Minulý týden navštívil Pražský... v Polsku, Karol Nawrocki 0.5
2. Již poněkolikáté vyhrál volby... po Adolfu Hitlerovi 1
3. Že fanoušci často žádají o aut... A 1
4. Minulý týden jsme se dozvěděli... Five Guys 1
5. V sobotu začala nová biatlonov... v Östersundu 1
6. Seřaďte tyto ostrovy dle rozlo... 1C 2A 3D 4B 0
7. Nyní přiřaďte ostrovy ke států... 1A 2B 3D 4C 1
8. Kterému ostrovnímu středomořsk... Kypr 1
9. Nyní si odskočíme ke kinematog... Řek Zorba, Anthony Quinn 1
10. Ke kterému středomořskému ostr... Elba 0